|
|
|
|
| LEADER |
00000nab a2200000 a 4500 |
| 001 |
vtls000203499 |
| 003 |
SK-MaSNL |
| 005 |
20260304061339.0 |
| 008 |
250422c1984 xo 0 slo |
| 015 |
|
|
|a SNBRB19rr/mm-uuuuu
|
| 035 |
|
|
|a CL0213612
|
| 035 |
|
|
|a urn:nbn:sk:snk-ab2r13
|
| 035 |
|
|
|a (urnnbn)urn:nbn:sk:snk:ar-a02tt9
|
| 035 |
|
|
|a (uuid)b1648930-038a-46b1-a7e6-e7528747e00e
|
| 040 |
|
|
|a SNKBUCL
|b slo
|c SNKBUCL
|e AACR2
|
| 041 |
0 |
|
|a cze
|
| 044 |
|
|
|a xo
|c SK
|
| 080 |
|
|
|a 624.012.3/.4
|2 1981
|
| 100 |
1 |
|
|a Janda, Lubor,
|d 1920-
|4 aut
|9 132647
|
| 245 |
1 |
0 |
|a Výhled dalšího rozvoje betonových konstrukcí a jejich výpočtu
|c Lubor Janda
|
| 300 |
|
|
|b Obr. 6.
|
| 650 |
0 |
7 |
|a betónové konštrukcie
|2 snkbucl
|9 1686
|
| 655 |
|
7 |
|a články z novín a časopisov
|2 snkbucl
|9 267496
|
| 773 |
0 |
|
|t Inženýrské stavby
|g Roč. 32, č. 8 (1984), s. 451-455
|
| 850 |
|
|
|a Slovenská národná knižnica
|
| 852 |
|
|
|a Slovenská národná knižnica
|
| 954 |
|
|
|a odborná, vedecká literatúra cudzojazyčná (svetová)
|2 lita
|
| 958 |
|
|
|a article2022
|
| 958 |
|
|
|a RK
|
| 958 |
|
|
|a CZ
|
| 958 |
|
|
|a OND
|
| 958 |
|
|
|a EUIPO
|
| 992 |
|
|
|a RBX
|
| 999 |
|
|
|c 2732467
|d 2734397
|